Ο καλός άνθρωπος του Άουγκσμπουργκ : Μπέρτολτ Μπρεχτ

Αποθηκεύτηκε σε:
Λεπτομέρειες βιβλιογραφικής εγγραφής
Κύριος συγγραφέας: Μυράτ, Δημήτρης, 1908-1991
Μορφή: Βιβλίο
Γλώσσα:Greek
Δημοσίευση: Αθήνα : Πλειάς, c1974.
Θέματα:
Ετικέτες: Προσθήκη ετικέτας
Δεν υπάρχουν, Καταχωρήστε ετικέτα πρώτοι!

MARC

LEADER 00000cam a2200000 a 4500
001 1/124132
008 220113s1974####gr | ||| |||| ||gre||
040 |a GR-MyUa  |b gre  |c GR-MyUa  |e AACR2 
041 0 |a gre 
082 7 |a 832.912   |2 (23) 
100 1 |a Μυράτ, Δημήτρης,   |d 1908-1991. 
245 1 2 |a Ο καλός άνθρωπος του Άουγκσμπουργκ :   |b Μπέρτολτ Μπρεχτ /   |c Δημήτρη Μυράτ.  
260 |a Αθήνα :   |b Πλειάς,   |c c1974.  
300 |a 372 σ. ;   |c 21 εκ.  
600 1 0 |a Brecht, Bertolt,   |d 1898-1956  |x Criticism and interpretation. 
650 0 |a Authors, German  |y 20th century  |x Biography. 
852 |a INST  |b LESVOS  |e 20220113  |h 832.912 ΜΥΡ  |p 005100063744  |q 005100063744  |t BK  |y 0 
970 |a Καμάτσου  |b Δέσποινα  |z 13-01-2022